UITU Library & LRC     

Financial Accounting (Record no. 14471)

MARC details
000 -LEADER
fixed length control field 00446nam a2200181Ia 4500
008 - FIXED-LENGTH DATA ELEMENTS--GENERAL INFORMATION
fixed length control field 240925s9999 xx 000 0 und d
020 ## - INTERNATIONAL STANDARD BOOK NUMBER
International Standard Book Number 9780470607268
082 ## - DEWEY DECIMAL CLASSIFICATION NUMBER
Classification number 657.43 WAS
100 ## - MAIN ENTRY--PERSONAL NAME
Personal name Wasson, Dick D.
245 #0 - TITLE STATEMENT
Title Financial Accounting
250 ## - EDITION STATEMENT
Edition statement NA
260 ## - PUBLICATION, DISTRIBUTION, ETC.
Place of publication, distribution, etc. New York:
Name of publisher, distributor, etc. John Wiley & Sons
Date of publication, distribution, etc. ,2011.
300 ## - PHYSICAL DESCRIPTION
Extent 2012p.
Other physical details 0
Type of unit Original
500 ## - GENERAL NOTE
General note Includes Index
600 ## - SUBJECT ADDED ENTRY--PERSONAL NAME
Personal name Management
650 ## - SUBJECT ADDED ENTRY--TOPICAL TERM
Topical term or geographic name entry element Accounting
942 ## - ADDED ENTRY ELEMENTS (KOHA)
Koha item type Books
Holdings
Withdrawn status Lost status Damaged status Not for loan Collection Home library Current library Date acquired Source of acquisition Cost, normal purchase price Total checkouts Full call number Barcode Date last seen Date last checked out Price effective from Koha item type
        Social Sciences UITU Library UITU Library 11/22/2018 Shahid Book Center 625.00 1 657.43 WAS Q11972 10/29/2025 10/02/2024 09/25/2024 Books

Powered by Koha